|
|
|
|
| LEADER |
00000naa2a2200000 4500 |
| 001 |
671497 |
| 005 |
20240402161316.0 |
| 090 |
|
|
|a 671497
|
| 100 |
|
|
|a 20240314d2023 k||y0rusy50 ca
|
| 101 |
0 |
|
|a rus
|
| 102 |
|
|
|a RU
|
| 135 |
|
|
|a drcn ---uucaa
|
| 200 |
1 |
|
|a Расширение сырьевой базы производства аглопорита путем использования техногенно-переотложенных угленосных отложений
|f Ю. В. Пасечников, Н. В. Тихонов
|g науч. рук. В. В. Тихонов ; Национальный исследовательский Томский политехнический университет
|
| 225 |
1 |
|
|a Химические технологии переработки минерального и углеводородного сырья
|
| 300 |
|
|
|a Заглавие с экрана
|
| 320 |
|
|
|a Библиография: с. 176
|
| 336 |
|
|
|a Текстовый файл
|
| 461 |
|
1 |
|0 669747
|t Проблемы геологии и освоения недр
|l Problems of Geology and Subsurface Development
|o труды XXVII Международного молодежного научного симпозиума имени академика М.А. Усова, посвященного 160-летию со дня рождения академика В.А. Обручева и 140-летию академика М.А. Усова, основателям Сибирской горно-геологической школы, 3-7 апреля 2023 г., г. Томск
|f Национальный исследовательский Томский политехнический университет, Инженерная школа природных ресурсов ; гл. ред. А. С. Боев ; под ред. Е. Ю. Пасечник
|d 2023
|9 669747
|a Боев, А. С. (химик ; 1981-)
|c Томск
|n Изд-во ТПУ
|
| 463 |
|
1 |
|0 669760
|t Т. 2
|v С. 175-176
|d 2023
|9 669760
|p 1 файл (8,2 MB, 263 с.)
|u conference_tpu-2023-C11_V2.pdf
|
| 610 |
1 |
|
|a труды учёных ТПУ
|
| 610 |
1 |
|
|a электронный ресурс
|
| 610 |
1 |
|
|a терриконы
|
| 610 |
1 |
|
|a шахтные отвалы
|
| 610 |
1 |
|
|a угленосные породы
|
| 610 |
1 |
|
|a пылевые загрязнения
|
| 610 |
1 |
|
|a сырьевая смесь
|
| 610 |
1 |
|
|a горные породы
|
| 610 |
1 |
|
|a уголь
|
| 610 |
1 |
|
|a угленосные отложения
|
| 700 |
|
1 |
|a Пасечников
|b Ю. В.
|
| 701 |
|
|
|3 Тихонов
|9 Н. В.
|
| 702 |
|
1 |
|a Тихонов
|b В. В.
|c химик-технолог
|c доцент Томского политехнического университета, кандидат технических наук
|f 1965-
|g Виктор Владимирович
|9 11011
|
| 712 |
0 |
2 |
|a Национальный исследовательский Томский политехнический университет
|b Инженерная школа природных ресурсов
|b Отделение нефтегазового дела
|9 28343
|
| 801 |
|
0 |
|a RU
|b 63413507
|c 20240314
|g RCR
|
| 856 |
4 |
|
|u http://earchive.tpu.ru/handle/11683/77730
|z http://earchive.tpu.ru/handle/11683/77730
|
| 942 |
|
|
|c CF
|